Statistics for Five Countries With Best World Cup Record By Continent

Click here to take the quiz!

General Stats

  • This quiz has been taken 172 times
    (116 since last reset)
  • The average score is 24 of 27

Answer Stats

HintBest ResultAnswer% Correct
EuropeWinner (x2)France
100%
EuropeWinner (x4)Germany
100%
South AmericaWinner (x5)Brazil
98%
EuropeWinner (x1)Spain
98%
EuropeWinner (x1)England
97%
EuropeWinner (x4)Italy
97%
South AmericaWinner (x3)Argentina
96%
South AmericaWinner (x2)Uruguay
96%
Africa4th PlaceMorocco
95%
North America3rd Place (x1)United States
95%
OceaniaRound 2 (x2)Australia
94%
North AmericaQuarter Finals (x2)Mexico
93%
OceaniaRound 1 (x2)New Zealand
93%
AsiaRound 2 (x4)Japan
92%
Asia4th Place (x1)South Korea
92%
South America3rd Place (x1)Chile
90%
South AmericaQuarter Finals (x2)Peru
85%
AfricaQuarter Finals (x1)Cameroon
83%
AfricaQuarter Finals (x1)Ghana
81%
AfricaQuarter Finals (x1)Senegal
81%
North AmericaQuarter Finals (x1)Costa Rica
79%
AfricaRound 2 (x3)Nigeria
79%
Asia3rd Place (x1)Turkey
74%
North AmericaQuarter Finals (x1)Cuba
73%
AsiaRound 2 (x1)Saudi Arabia
72%
North AmericaRound 1 (x3)Honduras
70%
AsiaQuarter Finals (x1)North Korea
60%

Score Distribution

Percentile by Number Answered

Percent of People with Each Score

Your Score History

You have not taken this quiz since the last reset